000 00202nam a22000857a 4500
008 160706b xxu||||| |||| 00| 0 eng d
100 _92405
_a Ravi, K
245 _aOur Inward Journey
260 _aUSA
_bHalmark
999 _c2080
_d2080